| 000 | 005190000a22001810004500 | ||
|---|---|---|---|
| 003 | MACL | ||
| 005 | 20160310161733.0 | ||
| 008 | 160310b xxu||||| |||| 00| 0 eng d | ||
| 040 |
_aMACL _cMACL |
||
| 041 | _aHindi | ||
| 082 | _a891.433 | ||
| 100 |
_aसब्बरवाल कंचनलता _944646 |
||
| 245 | _aनया मोड | ||
| 260 |
_bराजपाल एण्ड सन्ज _aनई दिल्ली |
||
| 350 | _a5 | ||
| 650 |
_aNovel _944647 |
||
| 942 |
_cHIN _k891.433 _2ddc |
||
| 999 |
_c26141 _d26141 |
||